Music Quiz

Random Music or Bands Quiz

Name That Musician II Quiz Stats

 Plays Quiz Updated Oct 31, 2018

Also try: Name That Musician
Challenge
Share
Tweet
Embed
Score 0/30 Timer 06:00
0 Plays Today
Albums Artist % Correct
Human Touch, Born to Run, Tunnel of LoveBruce Springsteen
76.3%
Kill 'Em All, Master of Puppets, ...And Justice for AllMetallica
65.4%
Definitely Maybe, (What's the Story) Morning Glory?, Be Here NowOasis
58.2%
Kid A, Amnesiac, OK ComputerRadiohead
58%
What's Going On, Let's Get It On, Midnight LoveMarvin Gaye
54.7%
Licensed to Ill, Paul's Boutique, Hello NastyBeastie Boys
53.8%
Let's Get It Started, Please Hammer Don't Hurt 'Em, Too Legit to QuitMC Hammer
53.3%
Stankonia, Speakerboxxx/The Love Below, IdlewildOutkast
52.2%
Jagged Little Pill, Supposed Former Infatuation Junkie, Under Rug SweptAlanis Morissette
50.9%
The Stranger, 52nd Street, River of DreamsBilly Joel
45.1%
Millennium, Black and Blue, Never GoneBackstreet Boys
39.4%
Abacab, Invisible Touch, We Can't DanceGenesis
37.1%
Permanent Vacation, Pump, Get a GripAerosmith
35.2%
Damn the Torpedoes, Hard Promises, Into the Great Wide OpenTom Petty and the Heartbreakers
35%
The Woman in Me, Come On Over, Up!Shania Twain
33.9%
Albums Artist % Correct
Destroyer, Love Gun, Crazy NightsKiss
33.2%
1984, 5150, OU812Van Halen
31.8%
The Colour and the Shape, There Is Nothing Left to Lose, One by OneFoo Fighters
31.1%
Come Away with Me, Feels like Home, Not Too LateNorah Jones
30.1%
Cracked Rear View, Fairweather Johnson, Looking for LuckyHootie & the Blowfish
29%
I'm Your Baby Tonight, My Love Is Your Love, I Look to YouWhitney Houston
25.4%
Meat Is Murder, The Queen Is Dead, Strangeways, Here We ComeThe Smiths
24%
Mental Jewelry, Throwing Copper, Secret SamadhiLive
20.8%
Sports, Fore!, Small WorldHuey Lewis and the News
19.9%
Motorcade of Generosity, Fashion Nugget, Comfort EagleCAKE
19.1%
World of Noise, Sparkle and Fade, So Much for the AfterglowEverclear
14.3%
Falling into You, The Colour of My Love, Let's Talk About LoveCéline Dion
14.2%
My Way, 8701, Here I StandUsher
12.5%
Watermark, Shepherd Moons, The Memory of TreesEnya
10%
Road to Ruin, End of the Century, Animal BoyThe Ramones
8.4%

You're not logged in!

Compare scores with friends on all Sporcle quizzes.
OR
Log In

You Might Also Like...

Show Comments

Extras

Top Quizzes Today


Score Distribution

Your Account Isn't Verified!

In order to create a playlist on Sporcle, you need to verify the email address you used during registration. Go to your Sporcle Settings to finish the process.

Report this User

Report this user for behavior that violates our Community Guidelines.

Details: